කාන්තා ව්යවසායකයන් : (Record no. 4542)
[ view plain ]
| 000 -LEADER | |
|---|---|
| fixed length control field | 00980nam a22001577a 4500 |
| 005 - DATE AND TIME OF LATEST TRANSACTION | |
| control field | 20231220132331.0 |
| 008 - FIXED-LENGTH DATA ELEMENTS--GENERAL INFORMATION | |
| fixed length control field | 231220b |||||||| |||| 00| 0 eng d |
| 027 ## - STANDARD TECHNICAL REPORT NUMBER | |
| Report Number | වාර් තා අංක 38 |
| 082 ## - DEWEY DECIMAL CLASSIFICATION NUMBER | |
| Classification number | 338.6 |
| Item number | KAN |
| 942 ## - ADDED ENTRY ELEMENTS (KOHA) | |
| Item Type | Books |
| 245 ## - TITLE STATEMENT | |
| Title | කාන්තා ව්යවසායකයන් : |
| Sub Title | (කාන්තා කණ්ඩායම් තුළ ව්යවසායකයන්ගේ දක්ෂතා වර් ධනය කීරීමේ වැඩමුළු) (3 කොටස) |
| 246 ## - VARYING FORM OF TITLE | |
| Title | Kantha wyawasayakayan : (Kantha kandayam thula wyawasayakayange dakshatha wardhanaya kirime wadamulu) (3 kotasa) |
| 260 ## - PUBLICATION, DISTRIBUTION, ETC. (IMPRINT) | |
| Place of Publication | කොළඹ : |
| Name of Publisher | සෙන්වෝර් කාන්තා පර් යේෂණ කේන්ද්රය, |
| Date of Copyright | 1992 |
| 500 ## - GENERAL NOTE | |
| General Note | 1992 ඔක්තෝබර් මස 11 සහ 12 පැවත්වූ වැඩමුළුවේ වාර් තාව |
| 650 ## - SUBJECT ADDED ENTRY--TOPICAL TERM | |
| Topical Term | කාන්තා ව්යවසායකත්වය |
| Withdrawn status | Lost status | Source of classification or shelving scheme | Damaged status | Not for loan | Permanent location | Current location | Date acquired | Total Checkouts | Full call number | Barcode | Date last seen | Price effective from | Koha item type |
|---|---|---|---|---|---|---|---|---|---|---|---|---|---|
| Dewey Decimal Classification | Resource center, Muslim Women's Research And Action Forum | Resource center, Muslim Women's Research And Action Forum | 2023-12-20 | 338.6 KAN | RAF4504 | 2023-12-20 | 2023-12-20 | Reports |

